MARC details
| 000 -CABECERA |
| campo de control de longitud fija |
01952nam a2200349 a 4500 |
| 001 - NÚMERO DE CONTROL |
| campo de control |
000045178 |
| 003 - IDENTIFICADOR DEL NÚMERO DE CONTROL |
| campo de control |
DO-SdBNP |
| 005 - FECHA Y HORA DE LA ÚLTIMA TRANSACCIÓN |
| campo de control |
20250227073850.0 |
| 008 - DATOS DE LONGITUD FIJA--INFORMACIÓN GENERAL |
| campo de control de longitud fija |
150206s2014 dr abc 000 0 spa d |
| 020 ## - NÚMERO INTERNACIONAL ESTÁNDAR DEL LIBRO |
| Número Internacional Estándar del Libro |
9789945582079 |
| 040 ## - FUENTE DE LA CATALOGACIÓN |
| Centro catalogador/agencia de origen |
DO-SdBNP |
| Lengua de catalogación |
spa |
| Centro/agencia transcriptor |
BNPHU |
| 082 ## - NÚMERO DE LA CLASIFICACIÓN DECIMAL DEWEY |
| Número de clasificación |
737.4 |
| Número de documento/Ítem |
E96t |
| 245 04 - MENCIÓN DE TÍTULO |
| Título |
Exposiciones temporales en el Museo Numismático y Filatélico : |
| Resto del título |
2011-2014 / |
| Mención de responsabilidad, etc. |
presentación Héctor Valdez Albizu ; edición José Alcántara Almanzar, Elvis Soto y Cynthia Patricia Goico de Pichardo. |
| 260 ## - PUBLICACIÓN, DISTRIBUCIÓN, ETC. |
| Lugar de publicación, distribución, etc. |
Santo Domingo : |
| Nombre del editor, distribuidor, etc. |
Banco Central de la República Dominicana, |
| Fecha de publicación, distribución, etc. |
2014. |
| 300 ## - DESCRIPCIÓN FÍSICA |
| Extensión |
215 p. : |
| Otras características físicas |
il., mapas, retrs. ; |
| Dimensiones |
23 cm. |
| 490 1# - MENCIÓN DE SERIE |
| Mención de serie |
Banco Central de la República Dominicana |
| Designación de volumen o secuencia |
201 |
| 490 1# - MENCIÓN DE SERIE |
| Mención de serie |
Numismática y filatélica |
| Designación de volumen o secuencia |
14 |
| 504 ## - NOTA DE BIBLIOGRAFÍA, ETC. |
| Nota de bibliografía, etc. |
Bibliografía : p. 204 |
| 505 0# - NOTA DE CONTENIDO CON FORMATO |
| Nota de contenido con formato |
Presentación -- |
| Título |
Héroes de la independencia de las américas en billetes y monedas -- |
| -- |
Billetes y monedas del siglo XIX e inicios de la reforma monetaria -- |
| -- |
La medallística en la República Dominicana -- |
| -- |
Bicentenario del natalicio de Juan Pablo Duarte [1813-2013] -- |
| -- |
Héroes de la restauración de la República Dominicana -- |
| -- |
Homenaje a Mella -- |
| -- |
Colección del Banco Central de la República Dominicana. |
| 590 ## - NOTA LOCAL (RLIN) |
| Nota local |
Inventariado, 2018/LP |
| 610 20 - PUNTO DE ACCESO ADICIONAL DE MATERIA--NOMBRE DE ENTIDAD CORPORATIVA |
| Nombre de entidad corporativa o nombre de jurisdicción como elemento de entrada |
Museo Numismático y Filatélico del Banco Central (Banco Central de la República Dominicana) |
| 9 (RLIN) |
56846 |
| 650 #4 - PUNTO DE ACCESO ADICIONAL DE MATERIA--TÉRMINO DE MATERIA |
| Término de materia o nombre geográfico como elemento de entrada |
Numismática |
| Subdivisión general |
Exposiciones |
| Subdivisión geográfica |
República Dominicana |
| 9 (RLIN) |
73186 |
| 650 #4 - PUNTO DE ACCESO ADICIONAL DE MATERIA--TÉRMINO DE MATERIA |
| Término de materia o nombre geográfico como elemento de entrada |
Sellos (numismática) |
| Subdivisión geográfica |
República Dominicana |
| Subdivisión general |
Exposiciones |
| 9 (RLIN) |
73187 |
| 700 12 - PUNTO DE ACCESO ADICIONAL--NOMBRE DE PERSONA |
| Nombre de persona |
Soto, Elvis, |
| Término indicativo de función/relación |
ed. |
| 9 (RLIN) |
12338 |
| 700 12 - PUNTO DE ACCESO ADICIONAL--NOMBRE DE PERSONA |
| Nombre de persona |
Goico de Pichardo, Cynthia Patricia, |
| Término indicativo de función/relación |
ed. |
| 9 (RLIN) |
73188 |
| 700 12 - PUNTO DE ACCESO ADICIONAL--NOMBRE DE PERSONA |
| Nombre de persona |
Valdez Albizu, Héctor, |
| Fechas asociadas al nombre |
1947- |
| Término indicativo de función/relación |
pról. |
| 9 (RLIN) |
12322 |
| 700 12 - PUNTO DE ACCESO ADICIONAL--NOMBRE DE PERSONA |
| Nombre de persona |
Alcántara Almánzar, José |
| Fechas asociadas al nombre |
1946- |
| Término indicativo de función/relación |
ed. |
| 9 (RLIN) |
7018 |
| 830 #0 - PUNTO DE ACCESO ADICIONAL DE SERIE-TÍTULO UNIFORME |
| Título uniforme |
Banco Central de la República Dominicana ; |
| Número de parte o sección de la obra |
201 |
| 9 (RLIN) |
73189 |
| 830 #0 - PUNTO DE ACCESO ADICIONAL DE SERIE-TÍTULO UNIFORME |
| Título uniforme |
Numismática y filatélica ; |
| Número de parte o sección de la obra |
14 |
| 9 (RLIN) |
73190 |
| 910 ## - DATOS DE OPCIÓN DEL USUARIO (OCLC) |
| Datos de opción del usuario |
Validado. Control de calidad MFF |
| 942 ## - ELEMENTOS DE PUNTO DE ACCESO ADICIONAL (KOHA) |
| Fuente del sistema de clasificación o colocación |
Dewey Decimal Classification |
| Tipo de ítem Koha |
Libro |